000 00494nam a22001817a 4500
003 CEME
005 20210628203525.0
008 210316b xxu||||| |||| 00| 0 eng d
020 _a0-930403-11-8
040 _c.
082 _a629.134 COM'H
100 _aBaker, A.A , Hoskin, B.C
_966000
245 _aComposite material for aircraft structures
260 _aWASHINGTON D.C
_bAIAA
_c1986
300 _aX,237P
650 _aAIRPLANES MATERIALS COMPOSITE MATERIALS
_958728
942 _cBK
_2ddc
999 _c574055
_d574055